Northumberland Places - Sudden Death - Statistics

General Stats
  • This quiz has been taken 35 times
    33 since last reset
  • The average score is 9 of 12
Answers on the Grid
Answers color-coded by a green-red scale on the quiz's grid according to % correct below.
Alnwick
Ashington
Berwick-upon-Tweed
Bicester
Birkenhead
Bletchley
Blyth
Buxton
Cannock
Cheltenham
Corbridge
Cramlington
Ely
Farnham
Haltwhistle
Hexham
Immingham
Lowestoft
Morpeth
Oldham
Pontefract
Prudhoe
Seahouses
Wylam
 
Answer Stats
Answer % Correct
Alnwick
86%
Berwick-upon-Tweed
86%
Hexham
82%
Seahouses
79%
Blyth
75%
Cramlington
75%
Morpeth
75%
Haltwhistle
71%
Prudhoe
71%
Ashington
68%
Corbridge
68%
Wylam
68%
No matching quizzes found
Score Distribution
Percent of People with Each Score
Percentile by Number Answered
Your Score History
You have not taken this quiz since the last reset